| 000 | 00915nam a22002297a 4500 | ||
|---|---|---|---|
| 999 |
_c8137 _d8137 |
||
| 003 | AR-CdUCM | ||
| 008 | 190322b ||||| |||| 00| 0 spa d | ||
| 040 |
_aMUNICIPALIDAD PROVINCIAL DEL CUSCO _cBIBLIOTECA MUNICIPAL DEL CUSCO |
||
| 082 |
_24ed. _a631.8 / _bJ15 |
||
| 100 |
_aJacob, A. _922967 |
||
| 245 |
_aFertilizacion : _bNutrición y abonado de los cultivos tropicales y subtropicales / |
||
| 260 |
_aMéxico : _bEuroamericanas, _c1973. |
||
| 300 |
_a626 paginas ; _bCuadros, diagramas, _c19 cm. |
||
| 500 | _aTitulo original : Fertilizer use - nutrition and manuring of tropical crops | ||
| 505 | _aContenido :Nutrientes vegetales -- Abonos orgánicos -- Fertilizantes minerales -- Fertilización. | ||
| 650 |
_aAbono _922968 |
||
| 650 |
_aFertilizantes _919426 |
||
| 650 |
_aCultivos tropicales _922704 |
||
| 700 |
_aMartinez de Alva, L. Lopez. (Traductor) _922969 |
||
| 942 |
_2ddc _cLIBROS |
||
| 945 | _awnts | ||